ქათიბ ჩელების ცნობები საქართველოსა და კავკასიის შესახებ / (ბიბ.ჩანაწერი № 59939)
[ მარტივი ფორმატი ]
| 000 -ლიდერი | |
|---|---|
| ფიქსირებული სიგრძის საკონტროლო ველი | 01883nam a22002297a 4500 |
| 003 - საკონტროლო ნომრის იდენტიფიკატორი | |
| საკონტროლო ველი | Ge_BSU |
| 005 - ბოლო ოპერაციის თარიღი და დრო | |
| საკონტროლო ველი | 20230519152223.0 |
| 008 - ფიქსირებული სიგრძის მონაცემთა ელემენტები - ზოგადი ინფორმაცია | |
| ფიქსირებული სიგრძის საკონტროლო ველი | 230519s1978 ge ||||| |||| 00| 0 geo d |
| 041 ## - ენის კოდი | |
| Language code of text/sound track or separate title | geo |
| 080 ## - უნივერსალური ათობითი კლასიფიკაციის ინდექსი | |
| Universal Decimal Classification number | 94(479.22)"15"(093უცხ.) ქ-16 |
| 245 ## - ცნობა სათაურის შესახებ | |
| Title | ქათიბ ჩელების ცნობები საქართველოსა და კავკასიის შესახებ / |
| Statement of responsibility, etc | თურქ. თარგმნა, შენიშვნები და საძიებლები დაურთო გიული ალასანიამ ; ივ. ჯავახიშვილის სახ. ისტორიის, არქეოლ. და ეთნოგრ. ინ-ტი. |
| 264 ## - წარმოების, გამოცემის, დისტრიბუციის და სხვა ცნობები | |
| გამოცემის, წარმოების, დისტრიბუციის... ადგილი | თბილისი : |
| გამოცემის, წარმოების, დისტრიბუციის... სახელწოდება | მეცნიერება, |
| გამოცემის, წარმოების, დისტრიბუციის... თარიღი | 1978. |
| 300 ## - ფიზიკური აღწერა | |
| Extent | 310 გვ. ; |
| Other physical details | 21 სმ. |
| 490 ## - სერიის ცნობა | |
| Series statement | საქართველოს ისტორიის წყაროები, 10; საქართველოს ისტორიის უცხოური წყაროები / საქ. სსრ მეცნ. აკად., საქ. ისტორიის წყაროების კომისია ; 7 |
| 501 ## - შენიშვნა თანმხლებ მასალაზე | |
| With note | საძიებლები: გვ. 287-310. შენიშვნები: გვ. 254-281. |
| 520 ## - SUMMARY, ETC. | |
| Summary, etc | რეზ. რუს. ენ. |
| 653 ## - INDEX TERM--UNCONTROLLED | |
| Uncontrolled term | საქართველოს ისტორიის თურქული წყაროები |
| 653 ## - INDEX TERM--UNCONTROLLED | |
| Uncontrolled term | კავკასიის ისტორიის თურქული წყაროები |
| 700 ## - ADDED ENTRY--PERSONAL NAME | |
| Personal name | ალასანია, გიული |
| Relator term | მთარგმნელი |
| 9 (RLIN) | 13521 |
| 710 ## - ADDED ENTRY--CORPORATE NAME | |
| Corporate name or jurisdiction name as entry element | ივ. ჯავახიშვილის სახ. ისტორიის, არქეოლ. და ეთნოგრ. ინ-ტი. |
| 9 (RLIN) | 18146 |
| 942 ## - ADDED ENTRY ELEMENTS (KOHA) | |
| Source of classification or shelving scheme | |
| Koha item type | წიგნი |
| ჩამოწერის სტატუსი | დაკარგული ეგზემპლარის სტატუსი | კლასიფიკაციის წყარო ან თაროზე გაწყობის სქემა | დაზიანების სტატუსი | არ გაიცემა | მუდმივი მდებარეობა (დაცვის ადგილი) | ამჟამინდელი ადგილსამყოფელი | თაროზე განთავსების ადგილი | შეძენის თარიღი | ღირებულება, შესყიდვის ნორმალური ფასი | სრული შენახვის შიფრი | შტრიხკოდი | ბოლო ოპერაციის თარიღი | ეგზემპლარის მიმდევრობითი ნომერი (კეტერი?) | Uniform Resource Identifier | ფასის ძალაში შესვლის თარიღი | ეგზემპლარის სახეობა | საჯარო შენიშვნა |
|---|---|---|---|---|---|---|---|---|---|---|---|---|---|---|---|---|---|
| ბათუმის შოთა რუსთაველის სახელმწიფო უნივერსიტეტის მთავარი ბიბლიოთეკა | ბათუმის შოთა რუსთაველის სახელმწიფო უნივერსიტეტის მთავარი ბიბლიოთეკა | წიგნსაცავი | 2023-05-19 | 8.00 | 94(479.22)''15'' (093 უცხ) ქ-16 | 64419 | 2023-05-19 | 64419 | ბსუ-ს საპატიო დოქტორის გურამ ლორთქიფანიძის საჩუქარი | 2023-05-19 | წიგნი | 8 ლ. |
